LEADER 00930nam0-2200313---450- 001 990009396120403321 005 20110712160539.0 010 $a978-3-7705-5038-8 035 $a000939612 035 $aFED01000939612 035 $a(Aleph)000939612FED01 035 $a000939612 100 $a20110712d2010----km-y0itay50------ba 101 0 $ager 102 $aDE 105 $a--------001yy 200 1 $a<>andere Revolution$eDantons Tod von Georg Büchner und die Suche nach friedlicheren Alternativen$fSimonetta Sanna 210 $aMünchen$cWilhelm Fink$d2010 215 $a157 p.$d22 cm 610 0 $aBüchner, Georg$aDantons Tod 676 $a832.7 700 1$aSanna,$bSimonetta$f<1949- >$0325004 801 0$aIT$bUNINA$gREICAT$2UNIMARC 901 $aBK 912 $a990009396120403321 952 $a832.7 BUCH/S 2$bDip.f.m.17994$fFLFBC 959 $aFLFBC 996 $aAndere Revolution$9763631 997 $aUNINA LEADER 01290nam--2200385---450- 001 990003327210203316 005 20100301134322.0 010 $a978-92-9167-117-5 035 $a000332721 035 $aUSA01000332721 035 $a(ALEPH)000332721USA01 035 $a000332721 100 $a20091007d2008----km-y0itay50------ba 101 $aeng 102 $aLU 105 $a||||||||001yy 200 1 $aClimate for a transport change$eTERM 2007: indicators tracking transport and environment in the European Union$fEuropean environment agency 210 $aLuxembourg$cOffice for official publications of the European Communities$d2008 215 $a52 p.$cill.$d30 cm 225 2 $aEEA Report$v1/2008 410 0$12001$aEEA Report 606 0 $aTrasporti$xPolitica$yPaesi della Comunità europea$2BNCF 606 0 $aTrasporti$xAmbiente 676 $a363.7 699 $a10.01$bPolitica dei trasporti 710 02$aAGENZIA EUROPEA DELL'AMBIENTE$0541548 801 0$aIT$bsalbc$gISBD 912 $a990003327210203316 951 $aCDE 10.01 (V)$bCDE 2192$cCDE 10.01$d00150613 959 $aBK 969 $aCDE 979 $aCDE$b10$c20091007$lUSA01$h1036 979 $aMARIAS$b90$c20100301$lUSA01$h1343 996 $aClimate for a transport change$91120198 997 $aUNISA